00759 2200265 4500001002100000005001500021035002000036245007700056100002500133250001100158300004200169006001800211007000300229008004100232264003500273336002100308337003000329338002300359082000800382020001800390650002100408084001400429504002900443990002100472INLIS00000000000461220260524072159 a0010-01220002441 aKenakalan Remaja :bPrevensi,Rehabilitasi Dan Resosialisasi /cSudarsono0 aSudarsonoePengarang aCet. 4 ax, 182 Hal. :billus. ;c14,5 x 21 cma ta260524 0  aJakarta :bRineka Cipta,c2004 2rdacontentaTeks 2rdamediaaTanpa Perantara 2rdacarrieravolume a179 a979-518-228-5 4aKenakalan Remaja a179 SUD k abibliografi, hlm 177-181 a251/BR/KAPD/2011